00533nam a2200181 i 450000100060000000300090000600500170001500700030003200800410003508000210007610000470009724500680014426000310021230000210024349000260026483000260029085200350031647546ES-MaACL20230906161604.0t|030505s1916 sp ||||1| spa d a821.134.2-32"19"1 aHoyos y Vinent, Antonio de,dca. 1885-194013aEl caso clínico b: novela / cpor Antonio de Hoyos y Vinent. aMadrid : b[s.n.], c1916. a34 p. ; c19 cm.1 aLa novela corta ; v30 aLa novela corta ; v3 aES-MaACLjG-4947(3) bR.132489